00978cam a22002411 450000100100000000500170001000800410002701000130006803500190008104000230010004200120012305000180013511101040015324500750025726000770033230000210040950400300043065000620046071000520052291000340057495201110060899900170071900001180020200929162554.0800418s1960 es b 100 0 spa  a66039905 a(OCoLC)6217337 aDO-SdBNPcTxUdDLC apremarc00aPC4068.S3bM42 aMesa Redonda sobre la Conservacion y Ensenanza del Castellanon(1st :d1960 :cSan Salvador)92793510aPrimera Mesa Redonda sobre la Conservacion y Ensenanza del Castellano. aSan Salvador, :bMinisterio de Cultura. Departamento Editorial,c[1960]. a141 p. ;c25 cm. aBibliography: p. 103-105. 0aSpanish languagexStudy and teachingzEl Salvador.9279361 aEl Salvador.bDepartamento de Educacion.927937 aCatalogación por copia / LC 001052728MOaGRbGRcBDd2009-10-27iLF1l0o p11800-10r2020-06-25w2020-06-25y2ZPréstamo interno c11474d11474